000 00788nam a2200241 a 4500
005 20140310183351.0
008 130319s19uu xx 00 eng d
020 _a9780415418713
050 _aHN 723
_b.T486 2008
100 _aTipton, Elise K.
245 _aModern Japan :
_ba social and political history /
_cMoElise K. Tipton.
250 _a2nd ed.
260 _aLondon, UK :
_bRoutledge,
_c2002.
300 _a258 p. :
_bill. ;
_c23 cm.
440 _aNissan Institute/Routledge Japanese studies
500 _aIncludes bibliographical references (p.[231]-242) and index
651 _aJapan
_xHistory
651 _aJapan
_xPolitics and government
651 _aJapan
_xSocial conditions
651 _aJapan
_xSocial life and customs
942 _cBK
_2lcc
_kFOR
999 _c22106
_d22106